| 000 | 00541nam a2200205Ia 4500 | ||
|---|---|---|---|
| 008 | 220204s9999 xx 000 0 und d | ||
| 082 |
_a581.143 _bMAN |
||
| 245 | 0 | _aPlant growth substances | |
| 260 |
_aWashington _bAmerican Chemical Society _c1979 |
||
| 490 | _aACS Symposium series. 111 | ||
| 650 | _aAbscisic acid | ||
| 650 | _aAnticytokinin | ||
| 650 | _aEthylene | ||
| 650 | _aGibberellin chemistry | ||
| 650 | _aHigher plant | ||
| 650 | _aPlant growth | ||
| 650 | _aSenescence | ||
| 700 | _aMANDAVA, N Bhushan | ||
| 942 | _cBK | ||
| 999 |
_c37145 _d37145 |
||